000 00752nam a2200241 i 4500
001 C2-0222671
003 PPAK
005 20180728151728.0
008 000118s1987 my a|||| ||||| | may d
040 _aPPAK
_beng
_cPPAK
_erda
082 0 4 _a906
_223
090 0 0 _a906
_bAZI
_dKK
100 0 _aAziza Bt. Halim,
_eauthor
245 1 0 _aMadrasah Al-Nahzah, Bukit Besar Kedah 1947 - 1982
264 1 _aBangi, Selangor :
_bUniversiti Kebangsaan Malaysia ,
_c1987
300 _a217 pages :
_billustrations ;
_c31 cm
336 _2rdacontent
_atext
337 _2rdamedia
_aunmediated
338 _2rdacarrier
_avolume
500 _aLatihan Ilmiah - Tesis ; tidak boleh difotokopi
650 1 0 _aSejarah - Pembelajaran dan Pengajaran
942 _ddc
_cB
999 _c143901
_d143901